The early Iron Age metal hoard from the Al Khawd area (Sultan Qaboos University), Sultanate of Oman /
Numerous metallic artefacts, deposited in a hoard in ancient times, came to light by chance on the campus of the Sultan Qaboos University in Al Khawd, Sultanate of Oman. Mostly fashioned from copper, these objects compare well with numerous documented artefact classes from south-eastern Arabia assig...
المؤلف الرئيسي:
التنسيق: كتاب الكتروني
اللغة: English
منشور في:
Oxford :
Sultanate of Oman, Ministry of Heritage and Tourism,
2021.
سلاسل:
Archaeological heritage of Oman ;
vol. 7.
الموضوعات:
الوصول للمادة أونلاين: Login to view Source
الوسوم: إضافة وسم
رقم الطلب: GN780.32
| LEADER | 02271nam a2200445 i 4500 | ||
|---|---|---|---|
| 001 | EDZ0002773324 | ||
| 003 | StDuBDS | ||
| 005 | 20230412183206.0 | ||
| 006 | m|||||o||d|||||||| | ||
| 007 | cr ||||||||||| | ||
| 008 | 211123s2021 enka fob 001|0|eng|d | ||
| 020 | |a 9781803270838 (PDF ebook) : |c No price | ||
| 040 | |a StDuBDS |b eng |c StDuBDS |e rda |e pn | ||
| 050 | 4 | |a GN780.32 | |
| 082 | 0 | 4 | |a 939.4 |2 23 |
| 100 | 1 | |a Al-Jahwari, Nasser Said Ali, |e author. | |
| 245 | 1 | 4 | |a The early Iron Age metal hoard from the Al Khawd area (Sultan Qaboos University), Sultanate of Oman / |c Nasser Al-Jahwari [and five others]. |
| 264 | 1 | |a Oxford : |b Sultanate of Oman, Ministry of Heritage and Tourism, |c 2021. | |
| 300 | |a 1 online resource (xxi, 310 pages) : |b illustrations (black and white, and colour). | ||
| 336 | |a text |2 rdacontent | ||
| 336 | |a still image |2 rdacontent | ||
| 337 | |a computer |2 rdamedia | ||
| 338 | |a online resource |2 rdacarrier | ||
| 490 | 1 | |a The archaeological heritage of Oman ; |v vol. 7 | |
| 500 | |a Also issued in print: 2021. | ||
| 500 | |a Published by Archaeopress Publishing in association with the Ministryo of Heritage and Tourism, Sultanate of Oman. | ||
| 504 | |a Includes bibliographical references and index. | ||
| 520 | 8 | |a Numerous metallic artefacts, deposited in a hoard in ancient times, came to light by chance on the campus of the Sultan Qaboos University in Al Khawd, Sultanate of Oman. Mostly fashioned from copper, these objects compare well with numerous documented artefact classes from south-eastern Arabia assigned to the Early Iron Age (1200-300 BCE). | |
| 521 | |a Specialized. | ||
| 588 | |a Description based on online resource; title from PDF title page (viewed on June 6, 2022). | ||
| 650 | 0 | |a Metal-work, Prehistoric |z Oman. | |
| 650 | 0 | |a Iron age |z Oman. | |
| 651 | 0 | |a Oman |x Antiquities. | |
| 710 | 1 | |a Oman. |b Wizārat al-Turāth wa-al-Thaqāfah, |e issuing body. | |
| 776 | 0 | 8 | |i Print version : |z 9781803270821 |
| 830 | 0 | |a Archaeological heritage of Oman ; |v vol. 7. | |
| 856 | 4 | 0 | |3 Archaeopress |u http://library.arce.org:8087/Archaeopress/Products/9781803270821 |
| 942 | |2 lcc |c EBOOK | ||
| 952 | |0 0 |1 0 |4 0 |6 GN078032 |7 1 |9 46885 |a ARCH |b ARCH |d 2023-04-12 |l 0 |o GN780.32 |r 2023-04-12 00:00:00 |w 2023-04-12 |y EBOOK | ||
| 999 | |c 52543 |d 52543 | ||
